[Event "Petrov Memorial op"]
[Site "St Petersburg"]
[Date "1996.??.??"]
[Round "8"]
[White "Yudasin, Leonid"]
[Black "Filippov, Valerij"]
[Result "1-0"]
[WhiteElo "2635"]
[BlackElo "2530"]
[Annotator "Ftacnik,L"]
[PlyCount "85"]
[EventDate "1996.02.??"]
[EventType "swiss"]
[EventRounds "9"]
[EventCountry "RUS"]
[SourceTitle "CBM 052"]
[Source "ChessBase"]
[SourceDate "1996.06.01"]
[SourceVersion "1"]
[SourceVersionDate "1996.06.01"]
[SourceQuality "1"]

1. e4 c5 2. Nf3 e6 3. Nc3 Nc6 4. Bb5 Nd4 5. O-O Nxb5 6. Nxb5 a6 7. Nc3 b5 8. d4
cxd4 9. Qxd4 Bb7 10. Bg5 f6 11. Bh4 Rc8 12. a3 Bc5 13. Qd3 Ne7 14. Rad1 Qc7 15.
e5 f5 16. Bxe7 Kxe7 17. Nd4 Rhd8 18. Rfe1 Kf7 19. Qg3 Re8 20. Rd3 Rcd8 21. Red1
Kg8 22. h4 Bf8 23. Nde2 Bc6 24. Qf4 g6 25. h5 Bg7 26. Rd6 Kf7 27. R1d3 g5 28.
Qe3 h6 29. Nd4 Bb7 30. Qd2 Qc5 31. Nb3 Qxe5 32. Re3 Qf4 33. g3 Bxc3 {[#]} 34.
Rxd7+ Re7 (34... Rxd7 35. Qxd7+ Re7 36. Qxe7+ Kxe7 37. gxf4 Bxb2 38. fxg5 $16)
35. Rxe7+ Kxe7 36. Qxd8+ Kxd8 37. gxf4 Bxb2 38. Rxe6 $18 gxf4 (38... Bxa3 39.
fxg5 hxg5 40. h6 $18) 39. Nc5 Bf3 40. Rxh6 Bxa3 41. Nxa6 Kd7 42. Rh7+ Kc8 43.
h6 1-0

[Event "RUS-ch51"]
[Site "St Petersburg"]
[Date "1998.08.04"]
[Round "8"]
[White "Morozevich, Alexander"]
[Black "Galliamova, Alisa"]
[Result "1-0"]
[WhiteElo "2625"]
[BlackElo "2560"]
[Annotator "Ftacnik,L"]
[PlyCount "81"]
[EventDate "1998.07.28"]
[EventType "swiss"]
[EventRounds "11"]
[EventCountry "RUS"]
[SourceTitle "CBM 067"]
[Source "ChessBase"]
[SourceDate "1998.11.30"]
[SourceVersion "2"]
[SourceVersionDate "1998.11.01"]
[SourceQuality "1"]

1. e4 c5 2. Nf3 e6 3. d3 Nc6 4. g3 Nf6 5. Bg2 d6 6. O-O Be7 7. c3 O-O 8. Qe2 (
8. Re1 b6 (8... Bd7 9. d4 cxd4 10. Nxd4 (10. cxd4 d5 11. e5 Ne4 12. Nbd2 Nxd2
13. Bxd2 Qb6 14. Bc3 Rac8 15. Qd2 a5 16. h4 a4 17. a3 Ra8 18. g4 f6 {0-1 Torre,
E-Ogaard,L/Manila 1975 (31)}) 10... a6 11. Nd2 Rc8 12. Nxc6 Bxc6 13. Nb3 e5 14.
Bg5 h6 15. Bxf6 Bxf6 16. Qd3 Bb5 17. Qd5 Bc6 18. Qd3 Bb5 19. Qd5 {1/2-1/2
Nikolic,Z-Vukic,M/JUG-ch 1994}) (8... Qc7 9. d4 cxd4 10. cxd4 Bd7 11. Nc3 Rac8
12. e5 Ne8 13. Bf4 a6 14. h4 f6 15. exf6 Nxf6 16. d5 exd5 17. Nxd5 Nxd5 18.
Qxd5+ Kh8 19. Rac1 Bg4 20. Ng5 Bxg5 21. Qxg5 {Strygina,O-Guseva,O/RUS-chJ 1996/
1/2-1/2 (75)}) 9. a3 Bb7 10. b4 Ne5 11. Bb2 Nfd7 12. Nxe5 Nxe5 13. f4 Nd7 14.
Nd2 cxb4 15. axb4 a5 16. b5 Ra7 17. d4 e5 18. fxe5 dxe5 19. Nc4 Bc8 20. Ne3 Bg5
21. Nd5 Bb7 {0-1 Ciocaltea,V-Hartoch,R/Hoogovens-B 1971 (38)}) (8. Nbd2 Rb8 9.
d4 cxd4 10. cxd4 d5 11. e5 Ne4 12. Nxe4 dxe4 13. Nd2 Qxd4 14. Nxe4 Rd8 15. Qe2
Qd3 16. Qh5 Nd4 17. Bg5 g6 18. Qg4 h5 19. Qh4 Nf5 20. Qf4 Bxg5 21. Qxg5 {
1-0 Schussler,H-Frias,V/Haifa olm 1976 (40)}) 8... b6 9. Na3 (9. d4 a5 $13)
9... Ba6 10. Ne1 b5 11. Nac2 b4 12. c4 (12. Bd2 bxc3 13. bxc3 Rb8 $15) 12...
Bb7 13. f4 Nd7 14. Nf3 a5 $1 15. g4 a4 16. g5 (16. Bd2 b3 17. axb3 axb3 18.
Rxa8 Bxa8 19. Na3 Bf6 20. Nb5 $14) 16... Re8 17. Qf2 $2 {xd3 The light for the
danger was strangely mute, white queen abbandons the weakest spot in the camp-
Pd3.} (17. d4 $5 b3 18. d5 exd5 19. exd5 bxc2 20. dxc6 Bxc6 21. Qxc2 Qc7 $11)
17... b3 $1 18. axb3 (18. Ne3 $2 Nb4 19. Rd1 Nxa2 $17) 18... axb3 19. Rxa8 Qxa8
20. Na3 (20. Ne3 Nb4 21. Rd1 d5 $1 $15) 20... d5 $1 {[%mdl 32] Excellent
strategy, opening of the position comes with a great force and white is ill
prepared for it.} 21. Nb5 (21. exd5 exd5 22. cxd5 Nb4 23. Ne5 Nxe5 24. fxe5
Bxd5 25. Be4 Rf8 $15) 21... dxe4 22. Nd2 (22. Nc7 Qd8 23. Nxe8 exf3 24. Qxf3
Qxe8 $19) (22. dxe4 Qa4 23. Nd2 Rd8 $15) 22... Rd8 (22... exd3 23. Nc7 Qb8 24.
Nxe8 Qxe8 25. Qf3 $14) 23. Nxe4 Nb4 24. Qe2 (24. Qg3 Nf8 25. f5 exf5 26. Nc7
Qc8 27. Nf6+ Bxf6 28. gxf6 g6 $19) 24... Nf8 25. Nbc3 (25. Rd1 Ng6 26. d4 Nh4
27. Bh1 Nf5 $19) 25... Nxd3 (25... Rxd3 26. Be3 Ng6 $17) 26. Be3 Ng6 27. Qg4 (
27. f5 exf5 28. Rxf5 Nh4 $19) 27... Nxb2 28. f5 exf5 29. Qxf5 Rf8 $19 {White
is not only two pawns down, more important he is also positionally bancrupt.}
30. Bf2 (30. Bxc5 Nh4 31. Qf2 Bxc5 32. Nxc5 Bxg2 $19) 30... Nxc4 31. h4 Nd6 (
31... Qc8 $1 $19) 32. Qg4 (32. Nxd6 Bxg2 $19) 32... Nxe4 33. Nxe4 b2 (33... c4
34. h5 Ne5 35. Qf5 Nd3 36. Bd4 Qc8 $19) 34. h5 Ne5 35. Qf5 Nd3 36. Nf6+ Bxf6
37. gxf6 (37. Qxd3 Bxg2 $19) 37... h6 $2 $138 {The timetrouble phase makes for
a horrible sequence of moves. Galliamova falls to pieces and the logic of the
fight is broken.} (37... g6 $1 38. Qg5 (38. Bxb7 gxf5 39. Bxa8 Rxa8 $19) 38...
Kh8 39. hxg6 (39. Qh6 Rg8) 39... fxg6 40. Qh6 Rf7 $19) 38. fxg7 Bxg2 $4 {
[%mdl 8192]} (38... Kxg7 39. Bh4 $1 Qc8 40. Bf6+ Kg8 41. Qxd3 Qg4 42. Qh3 $16)
(38... Rd8 $5 39. Bh4 Ne5 40. Bxb7 Qxb7 41. Bxd8 Qd5 42. Qf4 Nf3+ 43. Kf2 Ne5
44. Kg1 $11) 39. gxf8=Q+ Kxf8 $2 (39... Qxf8 40. Kxg2 $18) 40. Bxc5+ Nxc5 41.
Qxf7# 1-0

[Event "London FIDE GP 1st"]
[Site "London"]
[Date "2012.09.28"]
[Round "7"]
[White "Adams, Michael"]
[Black "Gelfand, Boris"]
[Result "0-1"]
[WhiteElo "2722"]
[BlackElo "2738"]
[Annotator "Ftacnik,L"]
[PlyCount "94"]
[EventDate "2012.09.21"]
[EventType "tourn"]
[EventRounds "11"]
[EventCountry "ENG"]
[EventCategory "20"]
[SourceTitle "CBM 151"]
[Source "ChessBase"]
[SourceDate "2012.11.13"]
[SourceVersion "1"]
[SourceVersionDate "2012.11.13"]
[SourceQuality "1"]

1. e4 c5 2. Nf3 Nc6 3. Bb5 e6 4. O-O Nge7 5. b3 a6 6. Bxc6 Nxc6 7. Bb2 b6 {
Gelfand played with great energy in London, he could fall back on his serious
match preparation against Anand. The love for chess and hard work are enabling
him to compensate for the fact that most of his tournament adversaries were
born significantly later than him.} (7... b5 8. Re1 (8. a4 b4 9. Ne5 Nxe5 10.
Bxe5 f6 11. Bb2 d5 12. Qh5+ g6 13. Qf3 Be7 14. d3 Bb7 15. Nd2 O-O 16. Qe2 Qd7
17. f4 Rae8 18. Kh1 Qc6 $11 {0-1 Wang Chen (2490)-Ni Hua (2637)/Xinghua 2012 
(56)}) 8... Bb7 9. c4 f6 10. Na3 b4 11. Nc2 e5 12. Nh4 g6 13. f4 exf4 14. a3
bxa3 15. Bxa3 Qb6 16. Rb1 Be7 17. d3 O-O 18. Qd2 Bd6 $17 {0-1 Yu,Y (2615)-Zhou
Jianchao (2625)/Xinghua 2012 (40)}) (7... d6 8. d4 cxd4 9. Nxd4 Qf6 10. c4 Bd7
11. Qd2 Qg6 12. Nc3 Be7 13. f4 Nxd4 14. Qxd4 Bc6 15. Rf2 Bf6 16. Qd2 O-O 17.
Re1 Rad8 18. Qe3 b5 19. cxb5 axb5 $11 {1/2-1/2 Nakamura,H (2640)-Golod,V (2582)
/playchess.com INT 2006 (70)}) 8. d4 {Adams could have waited a bit longer
with the opening of the centre. One of various sound ideas is to play c4 first
with then ambition of finishing the development of his pieces first.} (8. c4
Bb7 9. Re1 (9. Qe2 Qc7 10. d4 cxd4 11. Nxd4 Bc5 12. Nxc6 Qxc6 13. Nd2 O-O 14.
Qg4 f6 15. a3 a5 16. Rfe1 Rf7 17. Nf3 b5 18. Rad1 bxc4 19. bxc4 Ba6 20. Qg3 Rc8
$17 {0-1 Minasian,A (2571)-Shabalov,A (2575)/Los Angeles 2003 (42)}) 9... Qc7
10. Nc3 (10. d4 cxd4 11. Nxd4 Bd6 12. Nxc6 Bxc6 13. Qh5 O-O (13... Kf8 14. Nd2
f6 15. Rad1 Be7 16. Re3 Qb8 17. Nf3 Qe8 18. Qh3 Qg6 19. Nd4 Bb7 20. Ne2 $16 {
1-0 Al Modiahki,M (2550)-Shabalov,A (2575)/Bad Wiessee 2006 (36)}) 14. Nd2 f6
15. Rad1 Qb7 16. Qh4 Rf7 17. Re3 b5 18. Rh3 h6 19. Qg4 Kh8 20. Nf3 $14 {
1-0 Peng Xiaomin (2596)-Wu Wenjin (2531)/Tianjing 2003 (33)}) (10. h3 f6 11. d4
cxd4 12. Nxd4 O-O-O (12... Bd6 $14) 13. Nc3 Bc5 14. Na4 Rhg8 15. a3 e5 16. Nc2
$16 {Gogichaishvili-Adamek/Brno op/1994/}) 10... Bd6 11. Nd5 exd5 12. exd5+ Ne7
13. Bxg7 Rg8 14. Bf6 Rg6 15. Bxe7 Bxe7 16. Nh4 Kf8 17. Nxg6+ hxg6 18. Qf3 Qd6
19. Rad1 (19. Re2 Qf6 20. Qxf6 Bxf6 21. Rae1 d6 $11 {0-1 Vachier Lagrave,M 
(2458)-Nataf,I (2553)/Val d'Isere 2004 (42)}) 19... Kg7 20. Re4 Rh8 21. g3 b5
22. Rde1 Bf6 23. Re8 $11 {1/2-1/2 Movsesian,S (2642)-Timofeev,A (2658)/
Sarajevo 2007 (86)}) 8... cxd4 9. Nxd4 Bb7 (9... Qf6 10. Bc3 Qg6 11. Nxc6 dxc6
12. Nd2 b5 13. Re1 Bb7 (13... Be7 14. Nf3 f6 (14... O-O 15. Ne5 Qf6 16. Nxc6
Qxc3 17. Nxe7+ $16) 15. Nd4 Bd7 16. f4 $36) 14. Nf3 Rd8 15. Qe2 Be7 (15... Bd6
16. Rad1 O-O 17. Ba5 Rd7 18. Ne5 $18) 16. Ba5 $1 Rb8 17. Rad1 Qh5 (17... O-O
18. Ne5 Qg5 19. Nd7 $18) (17... f6 18. Qe3 $16) 18. Qd2 O-O 19. Qd7 Ba3 (19...
Bc5 20. b4 Ba7 21. Bc7 Rbc8 22. Bd6 $18) (19... Bf6 20. e5 Bd8 21. Bxd8 Rbxd8
22. Qxd8 Rxd8 23. Rxd8#) 20. Rd3 (20. b4 c5 $132) 20... c5 (20... Qc5 21. Bc7
Bc8 22. Qd6 Rb7 23. Qxc5 Bxc5 24. Bd6 Bxd6 25. Rxd6 $16) 21. Bc7 $16 {1-0
Dolmatov,S (2560)-Galliamova,A (2440)/Novgorod 1997/ (38)}) 10. Nd2 f6 {
Black is ready to eliminate the pressure along the a1-h8 diagonal even at the
price of losing the option of natural castling.} (10... Bc5 11. Nxc6 Bxc6 12.
Qg4 Rg8 13. Rad1 Qc7 14. Nc4 Bb5 15. e5 O-O-O 16. Nd6+ Bxd6 17. exd6 Qb7 18. c4
Bc6 19. f3 g5 20. Bf6 $16 {1/2-1/2 Fernandez Romero,E (2445)-Saldano Dayer,H 
(2424)/Alcudia 2003 (59)}) 11. Qg4 Kf7 12. Rad1 Qc7 13. Nxc6 {The English
player had intimate experience with this very position at the EU-ch 2010. By
swapping on c6 he is trying for a different approach, but he won't be able to
get an advantage.} (13. Nc4 b5 14. Qh5+ Kg8 15. Ne3 Ne5 (15... Nxd4 16. Rxd4
Bc5 17. Rd3 Bxe3 18. Rxe3 Qxc2 19. Re2 $11) 16. Nf3 Ng6 17. Qg4 Rd8 18. h4 Qf4
19. h5 Qxg4 20. Nxg4 Nf4 21. h6 Kf7 $11 {1/2-1/2 Adams,M (2704)-Edouard,R 
(2617)/Rijeka 2010 (48)}) 13... Bxc6 (13... Qxc6 $6 14. Nc4 $16) 14. Qh5+ {
Relatively the best alternative in the fight for some advantage was probably
the fixing of the central structure with the move 14.e5!} (14. e5 $1 f5 15. Qg3
b5 16. Nf3 Bc5 17. Ng5+ Kg8 18. Bd4 $14) 14... Kg8 (14... g6 15. Qf3 Be7 16. h4
(16. Nc4 Bxe4 17. Qxe4 d5 18. Qf3 dxc4 19. Rfe1 Rad8 $15) 16... Rhd8 17. h5 d5
$11) 15. Bd4 b5 (15... e5 16. Be3 b5 17. f4 Be7 18. fxe5 g6 19. Qg4 Qxe5 $11)
16. f4 Be7 17. c3 (17. e5 f5 $11) 17... Rf8 {Black is still obliged to defend
and the passive rook on h8 remains a serious worry. From the other point of
view his position is very solid and the bishop pair is giving Gelfand chances
in the middlegame.} 18. b4 (18. e5 f5 19. Nf3 $11) 18... d6 19. Bf2 (19. e5
dxe5 20. fxe5 f5 $11) 19... e5 $1 20. Rc1 (20. Qf3 Qb7 21. Be3 h5 $15) 20...
Qb7 21. Rfe1 Be8 {The transfer of the bishop to f7 has an artificial look to
it, as after the natural 21...g6 Gelfand might have looked to the future with
optimism.} (21... g6 22. Qh3 (22. Qh6 f5 $15) 22... Kg7 23. Be3 Rc8 $15) 22.
Qf3 Bf7 23. c4 h5 $1 {Black is finally getting a chance to believe, that his
mighty reserve from h8 will get to see the light of the day.} 24. c5 (24. cxb5
axb5 25. Nb3 $1 Rh6 26. Na5 Qd7 27. Nc6 $11) 24... dxc5 25. Bxc5 exf4 (25...
Bxa2 26. fxe5 fxe5 27. Qc3 $11) 26. Qxf4 (26. Nb3 g5 (26... Qc7 27. Bxe7 Qxe7
28. Rc5 $11) 27. e5 Qxf3 28. gxf3 Bxc5+ 29. Nxc5 $11) 26... Bxa2 27. e5 $6 {
Adams became nervous from his failure in the fight for an advantage. With the
opening of the centre he is hoping to exploit the better coordination of his
forces. Much more unpleasant for Black would have been the transfer of the
knight to the magnificent square f5.} (27. Nf1 $5 Rh6 28. Ne3 Rg6 29. Qf2 Be6
30. Bxe7 Qxe7 31. Nf5 Qxb4 32. Rb1 Qc3 33. Ne7+ $11) 27... Bxc5+ 28. Rxc5 fxe5
29. Qxe5 Rh6 $1 {The rook is joining the battle at just the right moment.
White will be hard challenged to find the compensation for the missing pawn.}
30. Nf3 (30. Rc7 Qb6+ 31. Kh1 Rhf6 32. h3 $15) 30... Re6 31. Qa1 (31. Qd4 Rxe1+
32. Nxe1 Qf7 33. Nf3 Be6 34. Rg5 Bg4 $15) 31... Rxe1+ 32. Qxe1 Qb6 $6 {The
inaccuracies of both players are the direct consequences of some fatigue from
the fight. For the first time the position is seriously simplified and it
seems that this will be enough to use logic instead of looking for best moves.}
(32... Bd5 $1 33. Ng5 Bc4 34. Nf3 Qb6 35. Kh1 a5 36. Rxh5 Qg6 37. Rg5 Qh6 38.
Re5 a4 $17) 33. Qe3 $6 {Adams is responding with the second rate solution,
thus losing the chance to exploit the counterplay tied to the surprising
attack on the kingside 33.Qe4!} (33. Qe4 $1 Qe6 (33... Bc4 34. h3 $15) 34.
Qxe6+ Bxe6 35. Rxh5 Bg4 36. Rc5 Bxf3 37. gxf3 Rxf3 38. Rc6 $15) 33... Bd5 34.
Ng5 (34. h4 Bxf3 35. gxf3 Qf6 $17) 34... Qf6 35. Nf3 {At the end of the day
White has simply lost two precious tempi and that is usually critical in any
position.} (35. Rc1 Qb2 36. Nf3 Qxb4 $19) 35... Bxf3 36. gxf3 (36. Qb3+ Qf7 37.
Qxf7+ Rxf7 38. gxf3 Rxf3 $19) 36... Qxf3 37. Qxf3 (37. Qe6+ Kh7 38. Qe1 Qg4+
39. Kh1 Rd8 $19) 37... Rxf3 38. Kg2 {A rook endgame two pawns down tends to be
quite hopeless and the same will be true in our game.} (38. Rxh5 Rf4 $19) 38...
Rf4 39. Rc6 Rxb4 40. Rxa6 Rc4 41. Rb6 b4 42. Rb7 Kh7 {Adams will not be able
to prevent the activation of the black king, which spells tragedy for the
defender.} 43. Rb6 g6 44. Kg3 (44. h3 Kh6 45. Rb5 h4 46. Kh2 g5 $19) 44... h4+
45. Kf3 Kh6 46. Rb5 g5 47. h3 Rc3+ {Any solution of the problem will be
hopeless for White so Adams sensibly resigned.} (47... Rc3+ 48. Kg2 b3 $19) 0-1

[Event "Pamplona"]
[Site "Pamplona"]
[Date "2003.12.20"]
[Round "1"]
[White "Sutovsky, Emil"]
[Black "Nakamura, Hikaru"]
[Result "1-0"]
[WhiteElo "2646"]
[BlackElo "2565"]
[Annotator "Ftacnik,L"]
[PlyCount "79"]
[EventDate "2003.12.20"]
[EventType "tourn"]
[EventRounds "7"]
[EventCountry "ESP"]
[EventCategory "15"]
[SourceTitle "CBM 099"]
[Source "ChessBase"]
[SourceDate "2004.03.30"]
[SourceVersion "1"]
[SourceVersionDate "2004.03.30"]
[SourceQuality "1"]

1. e4 c5 2. Nf3 Nc6 3. Bb5 e6 4. Bxc6 bxc6 5. b3 d5 6. Qe2 Ne7 7. Ba3 (7. d3
Ng6 8. O-O Be7 9. Nc3 d4 10. Na4 e5 11. Ba3 O-O 12. Nd2 Nf4 13. Qf3 Ne6 14.
Rfe1 Qc7 15. Qg3 Kh8 16. Nc4 f6 {1/2-1/2 De la Paz,F-Almeida,O/Santa Clara
2000/ (16)}) 7... Ng6 8. O-O Qa5 (8... Bd6 9. exd5 Nf4 10. Qe3 Nxd5 11. Qe4 $14
) 9. Bb2 Bd6 $5 {[%mdl 64] The young American is not afraid to take a
challenge and bravely sacrifices the pawn on g7.} (9... d4 10. e5 Ba6 11. d3
Be7 12. Qe4 $14) 10. Bxg7 Nf4 (10... Rg8 11. e5 (11. Bh6 Bf4 12. Bg5 Bxg5 13.
Nxg5 Nf4 14. Qe3 e5 15. h4 d4 $17) 11... Rxg7 12. exd6 Qd8 (12... Nf4 13. Qe5
Rxg2+ 14. Kh1 Ng6 15. Qh5 $14)) 11. Qe3 Rg8 12. e5 Nxg2 (12... Rxg7 $2 13. Qxf4
$16) 13. Qh6 (13. Kxg2 Bf8 14. Rg1 $11) 13... Ne1 (13... Nh4 $5 14. Kh1 (14.
exd6 Nf5 15. Qf6 Rxg7+ 16. Kh1 Qd8 $17) (14. Qxh4 Rxg7+ 15. Kh1 Be7 16. Qh5 $11
) 14... Nf5 15. Qf4 Rxg7 16. exd6 Qd8 $17) 14. exd6 Nxf3+ 15. Kh1 Ba6 (15...
Qd8 16. Qxh7 Kd7 17. Qh6 (17. Bb2 Qf8) 17... Ba6 18. d3 Kc8 19. Qh7 $11) 16. d3
Qd8 17. Nd2 $1 {In a very original position Sutovsky creatively finishes
development of the last light piece, the position is still roughly equal.} (17.
Qxh7 Kd7 $11) 17... Nxd2 18. Rg1 Qxd6 (18... Nf3 19. Bf6 Rxg1+ 20. Rxg1 Nxg1
21. Bxd8 $18) 19. Qxd2 O-O-O (19... d4 20. Rg5 c4 21. dxc4 c5 22. Rf1 Bb7+ 23.
f3 O-O-O 24. c3 $11) 20. Qh6 Bb7 $2 {This innaccuracy will cost Nakamura an
exchange.} (20... d4 $1 21. Qxh7 Qd5+ 22. Rg2 (22. Qe4 Qxe4+ 23. dxe4 Be2 24.
Rg3 f5 $11) 22... Qf3 23. Kg1 Qf4 24. Qe4 Qxe4 25. dxe4 Be2 $11) (20... Rde8
21. Rae1 Bb7 22. Be5 Rxg1+ 23. Kxg1 $11) 21. Bf6 $1 Rxg1+ (21... d4 22. Qxh7
Qd5+ 23. Qe4 Rde8 24. Qxd5 cxd5 25. f4 $14) 22. Rxg1 Re8 (22... Rd7 $2 23. f4
$18) 23. Qxh7 Qf4 (23... Qd7 24. Rg7 $16) 24. Rg8 Qxf6 (24... Rxg8 $2 25. Qxg8+
Kd7 26. Qd8#) 25. Rxe8+ Kd7 26. Rg8 Qxf2 27. Qh3 c4 $6 {The last moment in
which the defender choses a second rate solution and his chances are rapidly
decreasing.} (27... Qxc2 28. Qf1 Kc7 29. Rg2 Qc3 30. Qxf7+ Kb6 31. Qxe6 Qxd3
32. Rf2 c4 $14) (27... d4 28. Qg2 Qe1+ 29. Qg1 Qe2 30. Rg2 Qh5 31. Qf2 $14) 28.
Qg2 Qf4 (28... Qe1+ 29. Qg1 Qe2 30. Qxa7 Qf3+ 31. Rg2 Qd1+ 32. Qg1 $18) 29. Rg3
Qc1+ (29... cxd3 30. cxd3 Qc1+ 31. Qg1 Qf4 32. Qxa7 $16) 30. Qg1 Qxc2 31. Qxa7
Qd1+ 32. Kg2 (32. Qg1 Qe2 33. bxc4 dxc4 34. Qb1 Ba6 35. d4 $14) 32... Qe2+ 33.
Qf2 cxd3 34. Qxe2 dxe2 35. Kf2 d4 36. h4 c5 37. h5 Be4 38. Kxe2 e5 39. h6 Kc6
40. a4 1-0

[Event "Interpolis-02"]
[Site "Tilburg"]
[Date "1978.09.13"]
[Round "10"]
[White "Spassky, Boris Vasilievich"]
[Black "Sosonko, Gennadi"]
[Result "1-0"]
[WhiteElo "2630"]
[BlackElo "2575"]
[Annotator "Ftacnik,L"]
[PlyCount "49"]
[EventDate "1978.09.01"]
[EventType "tourn"]
[EventRounds "11"]
[EventCountry "NED"]
[EventCategory "14"]
[SourceTitle "MCL"]
[Source "ChessBase"]
[SourceDate "1999.07.01"]
[SourceVersion "1"]
[SourceVersionDate "1999.07.01"]
[SourceQuality "1"]

1. e4 c5 2. b3 $5 Nc6 3. Bb2 Nf6 (3... e6 4. Nf3 d5 {e.g.} 5. Bb5 dxe4 6. Ne5)
(3... e5) 4. e5 Nd5 5. Nf3 d6 (5... Nf4 $6 6. g3 Ne6 7. Bg2 g6 8. c3 $14 {
Czerniak-Janosevic, Beograd 1954}) (5... e6) 6. Bc4 dxe5 (6... Nb6 7. Be2 $14 (
7. e6 $5)) (6... Nf4 $5 7. O-O (7. g3 Ng6 8. exd6) 7... d5 8. Bb5 Bg4) 7. Nxe5
Nxe5 8. Bxe5 e6 (8... f6 9. Bb2 (9. Qf3 $2 Nb4) 9... e5 10. Qh5+ g6 11. Qf3 $16
) (8... Nb4 $5 {(/\ 9...Nc6)} 9. Nc3 $1 Nc6 (9... Bf5 10. Qf3 $1) (9... f6 10.
Bg3 Bf5 11. Qf3 Nxc2+ 12. Kd1 Nd4 13. Qxb7 $16) 10. Qh5 $1 e6 (10... g6 11. Qe2
Nd4 (11... Nxe5 12. Qxe5 Qd4 13. Qxd4 cxd4 14. Nb5 Kd7 15. Nxd4 Bg7 16. c3 Bxd4
17. cxd4 Kd6 18. Ke2 $16) 12. Qe4 Bf5 13. Qxb7 Nxc2+ 14. Ke2 f6 15. Bxf6 $1) (
10... Nxe5 11. Qxe5 Qd6 12. Qxd6 exd6 13. Nb5 $16) 11. Nb5 $1) 9. Nc3 Nxc3 (
9... f6 10. Bg3 Nxc3 11. dxc3 Qxd1+ 12. Rxd1 Be7 13. O-O Kf7 14. Bc7 {/\ 15.
Rfe1, 16.a4.}) (9... Bd6 $1 10. Bxg7 (10. Bb5+ Kf8 (10... Ke7 11. Bxg7 Rg8 12.
Bh6 $16)) 10... Rg8 11. Bh6 (11. Nxd5 exd5 12. Bb5+ (12. Qe2+ Kd7 $1) 12... Bd7
13. Qe2+ Qe7) (11. Bxd5 exd5 12. Qe2+ Qe7 (12... Be6 13. Be5 $16 {e.g.} Rxg2 (
13... Bxe5 14. Qxe5 Rxg2 15. Nb5) 14. Bg3) (12... Kd7 $5 13. Qb5+ Ke6 (13...
Kc7 14. Nxd5+ Kb8 15. Bf6) 14. O-O-O $18) 13. Bf6 Qxe2+ 14. Kxe2 Be6 $44) 11...
Qh4 $132) 10. Bxc3 $14 Bd7 11. O-O (11. Qh5 $1 b5 12. Bd3 Bc6 13. O-O Qd5 14.
Qh3 Be7 15. Rfe1 Bf6 16. Bxf6 gxf6 17. Be4 Qd6 18. Qf3 Bxe4 19. Qxf6 Qd4 (19...
Bxg2 $5)) 11... Bd6 $2 (11... Qc7) (11... Bc6 12. Qh5) (11... Qh4 $1 12. g3 Qh3
(12... Qh6 13. d4 $1) 13. Qf3 Bc6 14. Bb5 Rc8 15. Bxc6+ Rxc6 16. Qf4 Bd6 17.
Qg5 Rg8 18. Rfe1 Kd7 $14) 12. Qg4 $16 Rg8 13. Rae1 g6 14. f4 {/\ f4-f5} h5 (
14... Qc7 15. Qh4 h5 16. f5 $1) 15. Qh3 Qe7 (15... Kf8 16. f5 exf5 (16... gxf5
17. Rxf5 exf5 18. Qxh5 $18) 17. Qe3 g5 (17... f4 18. Rxf4 $1) 18. Qh3 h4 19.
Rxf5 $18) 16. f5 $1 gxf5 17. Rxf5 Rg6 (17... exf5 18. Rxe7+ Bxe7 19. Qxh5 $18 (
19. Qe3 $18)) 18. Rf2 (18. Rxh5 Bc6 19. Re2 O-O-O 20. Bd3) 18... Qg5 19. Bd3
$18 O-O-O (19... Rg8 20. Bh7 Rf8 21. Bf6 Qh6 22. Be4 $18) (19... Rh6 20. Qf3
O-O-O 21. Bf6 $18) 20. Rxf7 Rdg8 21. Bxg6 Qxg6 22. Rf6 Qxc2 23. Qxh5 Bc6 24.
Rf2 Qd3 25. Qe2 1-0